00326nam a22001097a 4500999001900000020001500019100001500034245002500049260003700074942000700111952009800118 c263711d263710 a0399211667 aEric Carle aThe Very Busy Spider aNew Yorkb Philomel Booksc1984. cBK 001040708FICa40404b40404d2024-05-21l0pcl20211016r2024-05-21 00:00:00w2024-05-21yBK